| 000 | 00608nam a2200205 a 4500 | ||
|---|---|---|---|
| 001 | 000087583 | ||
| 003 | AM-YEHGA | ||
| 005 | 20250617122003.0 | ||
| 008 | 990914s1977 kz ||||| |||| rus d | ||
| 040 | _aAM-YeHGA | ||
| 041 | 0 | _arus | |
| 100 | 1 | _aПорохня, Виктор | |
| 245 | 1 | 0 |
_aДорога на Байконур / _cВиктор Порохня. |
| 260 | 0 |
_aАлма-Ата : _bКазахстан, _c1977. |
|
| 300 | _a104 с. | ||
| 600 | 1 | 4 | _aГагарин, Юрий Алексеевич |
| 650 | 1 | 4 | _aЛетчики-космонавты СССР |
| 942 |
_2udc _cBK |
||
| 090 | _c28042 | ||
| 999 |
_c27696 _d27696 |
||